Collection points (Record no. 80329)

MARC details
000 -LEADER
fixed length control field 00799cab a22001935a 4500
001 - CONTROL NUMBER
control field L143966
008 - FIXED-LENGTH DATA ELEMENTS--GENERAL INFORMATION
fixed length control field 080610e20080607xxk f v 000 0 eng d
035 ## - SYSTEM CONTROL NUMBER
System control number (Sirsi) u143966
041 0# - LANGUAGE CODE
Language code of text/sound track or separate title eng
100 1# - MAIN ENTRY--PERSONAL NAME
Personal name Wood, Emily
245 00 - TITLE STATEMENT
Title Collection points
260 ## - PUBLICATION, DISTRIBUTION, ETC.
Date of publication, distribution, etc. 2008
490 #0 - SERIES STATEMENT
Series statement Estates Gazette
Volume/sequential designation (0822) 7 June 2008, 164-165(2)
520 ## - SUMMARY, ETC.
Summary, etc. Explains that rent arrears recovery can be done in several different ways. Discusses the alternative sources to which a landlord can turn in order to obtain payment from a tenant. Tables the likely effects, advantages and disadvantages to each of the various steps that a landlord can take to recovering arrears.
590 ## - LOCAL NOTE (RLIN)
Local note KA
651 #4 - SUBJECT ADDED ENTRY--GEOGRAPHIC NAME
Geographic name United Kingdom
Chronological subdivision
690 ## - LOCAL SUBJECT ADDED ENTRY--TOPICAL TERM (OCLC, RLIN)
Topical term or geographic name as entry element PROPERTY-LANDLORD AND TENANT-TENANCIES-DISTRESS FOR RENT
942 ## - ADDED ENTRY ELEMENTS (KOHA)
Suppress in OPAC 0
Holdings
Withdrawn status Lost status Source of classification or shelving scheme Damaged status Not for loan Home library Current library Shelving location Date acquired Total Checkouts Full call number Barcode Date last seen Copy number Price effective from Koha item type
    Dewey Decimal Classification     London London Journal article 10/06/2008   L143966 143966-1001 06/08/2019 1 06/08/2019 Journal article